• 首页
  • 本馆介绍
  • 公告通知
  • 最新文献
  • 馆藏检索
  • 电子资源
  • 读者导购
  • 参考咨询
  • 我的图书馆
  • 登录
  • 详细信息显示
  • 放入我的书架
  • 预约/预借图书
  • 作者相关作品
  • 分类相关作品
  • 丛书相关作品
  • 出版社相关作品

书目信息

  • 表格格式
  • 工作单格式
  • 卡片格式
题名:
金匮释义
    
 
作者: ;江苏省中医学校金匮教研组 编
分册:  
出版信息: 南京   江苏人民出版社  1958
页数: 272页
开本: 21cm
丛书名:
单 册:
中图分类: R222.32
科图分类:
主题词:
电子资源:
ISBN: 14100.71
000 00682cam0 2200229 450
001 0105426536
005 20071204150311.0
010    @a14100.71@dCNY1.20
091    @a14100.71@dCNY1.20
100    @a19970113d1958 em y0chiy0110 ea
101 0  @achi
102    @aCN@b320000
105    @ay z 000yy
106    @ar
200 1  @a金匮释义@9Jin Kui Shi Yi @f江苏省中医学校金匮教研组编@b专著
210    @a南京@c江苏人民出版社@d1958
215    @a272页@d21cm
605    @a《金匮要略方论》@x注释
690    @aR222.32@v3
711 02 @a江苏省中医学校金匮教研组@9jiang su sheng zhong yi xue xiao jin kui jiao yan zu@4编
801  0 @aCN@bAiZhiMarc
905    @aBZT@dR222.32@e3@f1@sR222.32/3
    
    金匮释义/江苏省中医学校金匮教研组编.-南京:江苏人民出版社,1958
    272页;21cm
    
    
    ISBN 14100.71:CNY1.20
    
●
相关链接 在五车中查询图书 在当当中查询图书 在豆瓣中查询图书


正题名:金匮释义     索取号:R222.32/3         预约/预借

序号 登录号 条形码 馆藏地/架位号 状态 备注
1 2000149315   2000149315   旧书回溯/ [索取号:R222.32/3] 在馆    
山东省滨州职业学院图书馆 欢迎您!
大连网信软件有限公司© 版权所有